000 01245nam a22003137a 4500
001 653035
003 OSt
005 20210426121334.0
008 941026s1995 enkab bf 001 0 eng
010 _a 94023918
020 _a0521401798 (hc)
040 _aDLC
_cDLC
_dDLC
_beng
041 _aeng
050 0 0 _aPE1072
_b.C68 1995
080 _a811.111
_bC-91
082 0 0 _a420
_220
100 1 _aCrystal, David,
_d1941-
245 1 4 _aThe Cambridge encyclopedia of the English language /
_cDavid Crystal.
_b/ by: Cambridge University Press
260 _aCambridge [England] ;
_aNew York :
_bCambridge University Press
_c1995.
300 _avii, 489 p.
_bill., maps (chiefly col.)
_c30 cm.
504 _aIncludes bibliographical references and indexes.
650 0 _aEnglish language
_xHandbooks, manuals, etc.
653 _aინგლისური ენა
856 4 1 _3Table of contents
_uhttp://www.loc.gov/catdir/toc/cam023/94023918.html
856 4 2 _3Publisher description
_uhttp://www.loc.gov/catdir/description/cam026/94023918.html
906 _a7
_bcbc
_corignew
_d1
_eocip
_f19
_gy-gencatlg
942 _2udc
_cBK
999 _c1045
_d1045